Normal view MARC view
  • Lidz, Theodore,

Entry Nombre Personal

Number of records used in: 1

001 - NUMERO DE CONTROL

  • campo de control: 44311

003 - IDENTIFICADOR DE NUMERO DE CONTROL

  • campo de control: DLC

005 - FECHA Y HORA DE LA ÜLTIMA TRANSACCIÓN

  • campo de control: 20220427112732.0

008 - DATOS DE LONGITUD FIJA

  • campo de control de longitud fija: 220427|||azannaaan n aaa d

010 ## - NÚMERO DE CONTROL DE LA BIBLIOTECA DEL CONGRESO

  • Número de control LC: n 50050388

024 7# - OTROS IDENTIFICADORES NORMALIZADOS

  • Fuente: isni
  • Número normalizado o código: 0000 0001 0971 6994

035 ## - NUMERO DE CONTROL

  • Número de control: (OCoLC)oca00085409

040 ## - FUENTE DE CATALOGACIÓN

  • Agencia original de catalogación: DLC
  • Lenguaje de catalogación: spa
  • Description conventions: rda
  • Agencia de transcripción: DLC
  • Agencia que lo modifica: OCoLC
  • Agencia que lo modifica: DLC
  • Agencia que lo modifica: MX-MxUPN

046 ## - FECHAS CON CODIFICACIÓN ESPECIAL

  • Fecha de nacimiento: 1910
  • Fecha de muerte: 2001

100 1# - ENCABEZAMIENTO - NOMBRE PERSONAL

  • Nombre personal: Lidz, Theodore,
  • Fechas asociadas con el nombre: 1910-2001

370 ## - LUGAR ASOCIADO

  • Associated country: Estados Unidos

373 ## - GRUPO ASOCIADO

  • Associated group: Universidad Yale

374 ## - OCUPACIÓN

  • Occupation: Psiquiatra

400 1# - VEÁSE - NOMBRE DE PERSONA

  • Personal name: Lidz, Th.

670 ## - FUENTE EN LA QUE SE LOCALIZARON DATOS

  • Cita de la fuente: En su obra: The family and human adaptation, 1963.

670 ## - FUENTE EN LA QUE SE LOCALIZARON DATOS

  • Cita de la fuente: Information from 678 converted Dec. 8, 2014
  • Información localizada: (M.D.; b. 1910)

670 ## - FUENTE EN LA QUE SE LOCALIZARON DATOS

  • Cita de la fuente: En la obra: El adolescente y su familia, 1969:
  • Información localizada: portada (Th. Lidz)

670 ## - FUENTE EN LA QUE SE LOCALIZARON DATOS

  • Cita de la fuente: En el sitio web Wikipedia, consultado Abril 27, 2022:
  • Información localizada: (Theodore Lidz (Nueva York, 1911 - 2001) fue un psiquiatra estadounidense conocido principalmente por su trabajo en las causas de la esquizofrenia. Lidz fue un crítico notable de las teorías de la psiquiatría biológica. Creció en Long Island. Educación: Educado en Columbia University College of Physicians and Surgeons ; Información profesional: Ocupación Psiquiatra; Empleador Universidad Yale)
  • Uniform Resource Identifier: https://es.wikipedia.org/wiki/Theodore_Lidz

902 ## - CATALOGADOR

  • Catalogador: NDAF/220427